Crime, Fear, and Control in Neighborhood Commercial Centers: Minneapolis and St. Paul, 1970-1982

The major objective of this study was to examine how physical characteristics of commercial centers and demographic characteristics of residential areas contribute to crime and how these characteristics affect reactions to crime in mixed commercial-residential settings. Information on physical chara...

Full description

Saved in:  
Bibliographic Details
Main Author: McPherson, Marlys (Author)
Contributors: Frey, David (Contributor) ; Silloway, Glenn (Contributor)
Format: Electronic Research Data
Language:English
Published: [Erscheinungsort nicht ermittelbar] [Verlag nicht ermittelbar] 1987
In:Year: 1987
Online Access: Volltext (kostenfrei)
Check availability: HBZ Gateway
Keywords:

MARC

LEADER 00000cam a22000002c 4500
001 1840059230
003 DE-627
005 20250705112620.0
007 cr uuu---uuuuu
008 230324s1987 xx |||||o 00| ||eng c
024 7 |a 10.3886/ICPSR08167.v2  |2 doi 
035 |a (DE-627)1840059230 
035 |a (DE-599)KXP1840059230 
040 |a DE-627  |b ger  |c DE-627  |e rda 
041 |a eng 
084 |a 2,1  |2 ssgn 
100 1 |a McPherson, Marlys  |e VerfasserIn  |4 aut 
245 1 0 |a Crime, Fear, and Control in Neighborhood Commercial Centers: Minneapolis and St. Paul, 1970-1982 
264 1 |a [Erscheinungsort nicht ermittelbar]  |b [Verlag nicht ermittelbar]  |c 1987 
336 |a Text  |b txt  |2 rdacontent 
337 |a Computermedien  |b c  |2 rdamedia 
338 |a Online-Ressource  |b cr  |2 rdacarrier 
520 |a The major objective of this study was to examine how physical characteristics of commercial centers and demographic characteristics of residential areas contribute to crime and how these characteristics affect reactions to crime in mixed commercial-residential settings. Information on physical characteristics includes type of business, store hours, arrangement of buildings, and defensive modifications in the area. Demographic variables cover racial composition, average household size and income, and percent change of occupancy. The crime data describe six types of crime: robbery, burglary, assault, rape, personal theft, and shoplifting. 
540 |a ICPSR Terms of Use 
650 4 |a Assault 
650 4 |a Burglary 
650 4 |a Crime 
650 4 |a demographic characteristics 
650 4 |a Ethnicity 
650 4 |a Households 
650 4 |a Income 
650 4 |a Rape 
650 4 |a Robbery 
655 7 |a Forschungsdaten  |0 (DE-588)1098579690  |0 (DE-627)857755366  |0 (DE-576)469182156  |2 gnd-content 
700 1 |a Frey, David  |e MitwirkendeR  |4 ctb 
700 1 |a Silloway, Glenn  |e MitwirkendeR  |4 ctb 
787 0 8 |i Forschungsdaten zu  |a McPherson, Marlys  |t Crime, Fear, and Control in Neighborhood Commercial Centers: An Executive Summary  |d [Erscheinungsort nicht ermittelbar] : Minnesota Crime Prevention Center, 1984  |w (DE-627)1912497875 
787 0 8 |i Forschungsdaten zu  |a McPherson, M.  |t Crime Fear, and Control in Neighborhood Commercial Centers, Executive Summary  |d [Erscheinungsort nicht ermittelbar] : United States Department of Justice, National Institute of Justice, 1984  |w (DE-627)1912497883 
787 0 8 |i Forschungsdaten zu  |a Taylor, Ralph B.  |t Crime, Grime, and Responses to Crimes: Relative Impacts of Neighborhood Structure, Crime, and Physical Deterioration on Residents and Business Personnel in the Twin Cities  |d Anderson, 1997  |w (DE-627)1912497948 
787 0 8 |i Forschungsdaten zu  |a Craw, Michael  |t Neighborhood stability and self-governance  |d American Political Science Association Annual Meeting, 2012  |w (DE-627)1912634864 
787 0 8 |i Forschungsdaten zu  |a McPherson, Marlys  |t Realities and perceptions of crime at the neighborhood level  |d 1978  |w (DE-627)1912677911 
787 0 8 |i Forschungsdaten zu  |a Taylor, Ralph B.  |t Responses to Disorder: Relative Impacts of Neighborhood Structure, Crime, and Physical Deterioration on Residents and Business Personnel, Final Report  |d [Erscheinungsort nicht ermittelbar] : United States Department of Justice, National Institute of Justice, 1995  |w (DE-627)1912688107 
787 0 8 |i Forschungsdaten zu  |a McPherson, Marlys  |t The role of the small commercial center in the urban neighborhood  |d Praeger, 1986  |w (DE-627)1912693267 
787 0 8 |i Forschungsdaten zu  |a Taylor, Ralph B.  |t Social order and disorder of street blocks and neighborhoods: ecology, microecology, and the systemic model of social disorganization  |d 1997  |w (DE-627)1912706946 
856 4 0 |u https://doi.org/10.3886/ICPSR08167.v2  |x Resolving-System  |z kostenfrei  |3 Volltext  |7 0 
935 |a mkri 
951 |a BO 
ELC |a 1 
LOK |0 000 xxxxxcx a22 zn 4500 
LOK |0 001 4296806866 
LOK |0 003 DE-627 
LOK |0 004 1840059230 
LOK |0 005 20230324125300 
LOK |0 008 230324||||||||||||||||ger||||||| 
LOK |0 035   |a (DE-2619)ICPSR8167 
LOK |0 040   |a DE-2619  |c DE-627  |d DE-2619 
LOK |0 092   |o n 
LOK |0 852   |a DE-2619 
LOK |0 852 1  |9 00 
LOK |0 935   |a foda  |a nacj 
LOK |0 939   |a 24-03-23  |b l01 
OAS |a 1 
ORI |a SA-MARC-krimdoka001.raw